co jest potrzebne do zrobienia zestawu na method feeder? - Statystyki

Ogólne statystyki
  • Ten quiz został rozwiązany 19 razy
  • Średni wynik to 5 z 8
Statystyki odpowiedzi
odpowiedzi % Poprawnych
kołowrotek
89%
wędka
89%
żyłka/plecionka
89%
haczyk/przypon
83%
przynęta
61%
zanęta/pellet
56%
krętlik/łącznik szybkiej wymiany przyponu
22%
koszyczek zanętowy
11%
Nie znaleziono quizów pasujących do podanych kryteriów
Rozkład punktacji
Procent ludzi z każdym wynikiem
Percentyl według liczby udzielonych odpowiedzi
Twoja historia wyników
Nie rozwiązałeś tego quizu